000 00504nam a2200181Ia 4500
008 100917s9999 xx 000 0 und d
082 _b25150
100 _aबुवा वि. आ.
245 _aभालू देशपांडे
260 _bभारतीय प्रकाशन
300 _a103
365 _b4
520 _aकथा
630 _aभालू देशपांडे
650 _aकथा
730 _aभालू देशपांडे
942 _cBOOK
999 _c630544
_d630541